00780nam a2200241 a 450000100060000000300080000600500170001400800410003102000270007203500190009904000270011804100080014508200180015310000360017124500460020726000360025330000210028950400300031065000260034094200120036699900170037895201430039540852BD-RjUL20211209053303.0160511s1975 enk b 000 0 eng d a0851571921c: USD.2.50 a(BD-RjUL)40967 aANLbengcANLdBD-RjUL aeng04a011bDAB 19751 aDavinson, Donaldd1932-912572310aBibliographic control /cDonald Davinson. aLondon :bOlive Binglay,c1975. a124 p. ;c23 cm. aBibliography: p. 117-120. 0aBibliography.9125724 2ddccBK c40852d40852 00102ddc40718NFICaRUCLbRUCLcReadingd1977-05-06eW.Heffer and Sonsg2.50l0o011 DAB 1975r2016-05-11 00:00:00tC-1w2016-05-11yBK